Statistiques concernant Vainqueurs CDM Foot

Cliquez ici pour prendre le quiz!

Statistiques générales

  • Ce quiz a été pris 700 fois
  • Le résultat moyen est 22 sur 22

Statistiques - réponses

AnnéePays hôtePays vainqueur% Correct
2018RussieFrance
100%
1998FranceFrance
100%
2014BrésilAllemagne
99%
1954SuisseAllemagne
99%
1974Allemagne de l'OuestAllemagne
99%
1990ItalieAllemagne
99%
2022QatarArgentine
99%
1978ArgentineArgentine
99%
1986MexiqueArgentine
99%
2002Corée du Sud - JaponBrésil
99%
1958SuèdeBrésil
99%
1962ChiliBrésil
99%
1970MexiqueBrésil
99%
1994Etats-UnisBrésil
99%
2010Afrique du SudEspagne
99%
2006AllemagneItalie
98%
1982EspagneItalie
98%
1934ItalieItalie
98%
1938FranceItalie
98%
1950BrésilUruguay
97%
1930UruguayUruguay
97%
1966AngleterreAngleterre
94%

Distribution des résultats

Percentile par nombre de réponses

% des personnes avec chaque résultat

Votre développement - résultats

Vous n’avez pas pris ce quiz